Buteurs Espagne Euro 2024 - Statistiques

Statistiques générales
  • Ce quiz a été pris 100 fois
  • Le résultat moyen est 7 sur 10
Statistiques - réponses
Hint Réponse % Correct
1 Lamine Yamal
95%
2 Nico Williams
90%
1 Alvaro Morata
85%
3 Dani Olmo
85%
2 Fabian Ruiz
70%
1 Daniel Carvajal
69%
1 Rodrigo
63%
1 Mikel Oyarzabal
55%
1 Ferran Torres
34%
1 Mikel Morino
3%
Aucun quiz correspondant
Distribution des résultats
% des personnes avec chaque résultat
Percentile par nombre de réponses
Votre historique - résultats
Vous n’avez pas pris ce quiz